An experimental course in the fundamental principles of radio / (Record no. 183008)
[ view plain ]
| 000 -LEADER | |
|---|---|
| fixed length control field | 00999 a2200169 4500 |
| 003 - CONTROL NUMBER IDENTIFIER | |
| control field | NUST |
| 005 - DATE AND TIME OF LATEST TRANSACTION | |
| control field | 20230726144440.0 |
| 040 ## - CATALOGING SOURCE | |
| Transcribing agency | Nust |
| 082 ## - DEWEY DECIMAL CLASSIFICATION NUMBER | |
| Classification number | 621.384,HUM |
| 100 ## - MAIN ENTRY--PERSONAL NAME | |
| Personal name | Humphry, Ronald Henry |
| 9 (RLIN) | 113840 |
| 245 ## - TITLE STATEMENT | |
| Title | An experimental course in the fundamental principles of radio / |
| Statement of responsibility, etc. | R. H. Humphry |
| 260 ## - PUBLICATION, DISTRIBUTION, ETC. | |
| Place of publication, distribution, etc. | London |
| Name of publisher, distributor, etc. | I. Pitman |
| Date of publication, distribution, etc. | 1945 |
| 300 ## - PHYSICAL DESCRIPTION | |
| Extent | x, 197 p.; |
| 505 ## - FORMATTED CONTENTS NOTE | |
| Formatted contents note | Simple D.C Experiments (Page-1), Magnetism and Electromagnetism (Page-28), Measuring Instruments : Ammeters, Voltmeters and Ohmmeters (Page-44), Condensers (Page-58), Alternating Current Measurements at Low Frequencies (Page-63), The Characteristics of Valves and Metal Rectifiers (Page-92), Valve Amplifier and Oscillator Circuits at Audio-Frequency (Page-115), Simple Experiments at High Frequency (Page-134), Detection and Allied Subjects (Page-149), Transmitter Circuits (Page-166), Power Supplies (Page-179), Additional Experiments and Notes (Page-187). |
| 650 ## - SUBJECT ADDED ENTRY--TOPICAL TERM | |
| Topical term or geographic name entry element | Radio. |
| 942 ## - ADDED ENTRY ELEMENTS (KOHA) | |
| Source of classification or shelving scheme | |
| Koha item type | Book |
| Call number prefix | 621.384,HUM |
| Withdrawn status | Lost status | Source of classification or shelving scheme | Damaged status | Not for loan | Permanent Location | Current Location | Shelving location | Date acquired | Full call number | Barcode | Date last seen | Price effective from | Koha item type | Public note |
|---|---|---|---|---|---|---|---|---|---|---|---|---|---|---|
| Military College of Signals (MCS) | Military College of Signals (MCS) | General Stacks | 12/12/2016 | 621.384,HUM | MCS6877 | 12/08/2016 | 12/12/2016 | Book | Almirah No.84, Shelf No.1 |
